| 000 | 00942nam a2200265 a 4500 | ||
|---|---|---|---|
| 001 | BRL_1710 | ||
| 005 | 20190320211331.0 | ||
| 008 | 270514s1936----nyub######---#000-0#eng-# | ||
| 041 | _aeng | ||
| 044 | _anyu | ||
| 050 | 4 |
_aF1230 _b.P74 1936 |
|
| 100 | 1 |
_aPrescott, William Hickling _d1796-1859 _98071 |
|
| 245 | 1 | 0 |
_aHistory of the conquest of México and history of the conquest of Peru _cby William H. Prescott. |
| 260 |
_aNew York _bThe Modern Library _c[1936?] |
||
| 300 |
_axxxvi, 1288 p. _bil., mapas _c21 cm. |
||
| 440 | 0 |
_aThe Modern library of the world’s best books. [Modern library giants] _vG29 _927699 |
|
| 500 | _aAu2123 | ||
| 500 | _aIncluye índice de la conquista de México y Perú. | ||
| 600 | 1 | 4 |
_aCortés, Hernán _d1485-1547 _9439 |
| 650 | 1 | 4 |
_aIncas _915792 |
| 651 | 4 |
_aMéxico _xHistoria _yConquista, 1519-1540 _9442 |
|
| 651 | 4 |
_aPerú _xHistoria _yConquista, 1522-1548 _915793 |
|
| 902 | _aGRL | ||
| 942 |
_2lcc _cB |
||
| 999 |
_c10518 _d10518 |
||